Регионална библиотека "Любен Каравелов" - Русе

Солови песни за глас и пиано (Запис номер 322400)

MARC детайли
000 -Лидер
Контролно поле с фиксирана дължина ncm a22 a 4500
003 - Код на организацията, давaща контролен номер
Контролно поле BLK
005 - Дата и час на последна редакция
Контролно поле 20200512150959.0
008 - Елементи от данни с фиксирана дължина
fixed length control field 180414b bul |a|er|||| |0| c|bulo|
010 ## - Наследен системен номер
LC control number NOT00004161000
040 ## - Източник на каталожния запис
Идентификатор на билиотеката - собственик на записа BLK
041 ## - Код за език
Код за езика на текст/звукозапис или на отделно заглавие Български
Код за езика КДБФ Български
080 ## - УДК
Текстов определител УДК Камерна вок. муз. Песни, балади, арии, романси
УДК код - определител по УДК 784.3
УДК - код + определител 784.3
080 ## - УДК
Текстов определител УДК Вокални произведения за един глас
УДК код - определител по УДК 78.087.61
УДК - код + определител 78.087.61
100 1# - Редна дума - Автор
Автор Попов, Тодор
Авторска отговорност първи автор
R(LIN) 368444
139 ## - Редно поле
Редна дума Попов, Тодор
Авторски знак Попов - П 76
245 10 - Сведения за заглавието
Заглавие Солови песни за глас и пиано
Редно поле (дума) Тодор Попов; * Popov. Todor.
246 11 - Различни форми на заглавието
Паралелно заглавие Песни для голоса и фортепиано
246 11 - Различни форми на заглавието
Паралелно заглавие Solo Songs for voice and Piano
254 ## - Сведения за формата на нотното издание
Формат на описваните ноти Клавир
257 ## - Страна на издаване
Страна на създаване/издаване България
260 ## - Област на издателските данни
Име на издателя, разпространителя и проч. Наука и изкуство
Година на издаване 1968
Място на издаване, разпространение и проч. София
300 ## - Физическа характеристика
Страници 100 с.
Размери/Мащаб 31 см
380 ## - Жанр
Жанр Изкуство
505 ## - Форматирана забележка
Заглавие Жени ма, майчу
505 ## - Форматирана забележка
Заглавие От мен ти изнин, юначе
505 ## - Форматирана забележка
Заглавие Карай ма, майчинку
505 ## - Форматирана забележка
Заглавие Снощи съм госте имала
505 ## - Форматирана забележка
Заглавие Либе ле, немой запява
505 ## - Форматирана забележка
Авторската отговорност текст Камен Зидаров.
Заглавие Люлчева песен
505 ## - Форматирана забележка
Авторската отговорност текст Елисавета Багряна.
Заглавие Сонет
505 ## - Форматирана забележка
Авторската отговорност текст Блага Димитрова.
Заглавие Пред рлолет
505 ## - Форматирана забележка
Авторската отговорност текст Иван Давидков.
Заглавие Пролетна песен
505 ## - Форматирана забележка
Авторската отговорност текст Михаил Маринов.
Заглавие Мой гълъбе бял
505 ## - Форматирана забележка
Авторската отговорност текст Христо Радевски.
Заглавие Сън
505 ## - Форматирана забележка
Авторската отговорност текст Първан Стефанов.
Заглавие Над люлката
505 ## - Форматирана забележка
Авторската отговорност текст Веселин Ханчев.
Заглавие Разтревожи ме ти, безсърдечен
505 ## - Форматирана забележка
Авторската отговорност текст Пенчо Петков Славейков.
Заглавие Ни лъх не дъхва над полени
505 ## - Форматирана забележка
Авторската отговорност текст Асен Разцветников.
Заглавие Самотност
505 ## - Форматирана забележка
Авторската отговорност текст Христо Ясенов.
Заглавие Пробудна песен
505 ## - Форматирана забележка
Авторската отговорност текст Крум Пенев.
Заглавие Балада
505 ## - Форматирана забележка
Авторската отговорност текст Иван Бурин.
Заглавие Южният вятър
505 ## - Форматирана забележка
Авторската отговорност Станислав Вихров.
Заглавие Тишина
505 ## - Форматирана забележка
Авторската отговорност текст Цветан Ангелов.
Заглавие Зима
650 #4 - Допълнително описание по предмет – тема
Основно описание – тема или топоним Соло пеене
9 (RLIN) 361571
653 ## - Ключова дума – ненормативна
Ключова дума солови песни
700 1# - Други автори (авторска отговорност)
Лично име Popov. Todor
Автороска отговорност (Описва отношението между автора и произведението) *
9 (RLIN) 363254
852 ## - Местоположение
Форматна сигнатура Цб М ІІ 4860
Фондова буква Хранилище
856 4# - Електронен адрес и достъп
Електронен формат pdf - файл
Път до файла /url/
856 4# - Електронен адрес и достъп
Електронен формат pdf - файл
Път до файла /url/
999 ## - СИСТЕМНИ КОНТРОЛНИ НОМЕРА
Koha biblionumber 322400
Koha biblioitemnumber 322400
942 ## - АРТИКУЛИ
Вид на библиотечния материал Нотни издания
Скрит в OPAC Не
Периодичен библиозапис Да
944 ## - СЪЗДАВАНЕ И РЕДАКЦИЯ на ЗАПИСА
Създаване/Редакция Създаване
Дата на регистрацията/редакция 18.11.2017
Служител, извършил регистрацията/редакцията Ирена_Линкова
944 ## - СЪЗДАВАНЕ И РЕДАКЦИЯ на ЗАПИСА
Създаване/Редакция Редакция
Дата на регистрацията/редакция 2020-05-12
Служител, извършил регистрацията/редакцията Ренета Константинова
999 ## - СИСТЕМНИ КОНТРОЛНИ НОМЕРА
Koha biblioitemnumber 322400
Наличности
Код за отписване Код за изгубен артикул Източник на класификационната схема Код за повреда Коз за рестрикции Код за отдаване Артикулен № Име на библиотеката - собственик Име на библиотеката, в която се намира в момента Статус (Текущо местоположение) Дата на вписване в системата Местоположение - отдел Цена в лева Инвентарен номер Систематично азбучна сигнатура Баркод Номер на екземпляра Цена в евро Служебна бележка Служебен тип на артикула
  Не е изгубен Universal Decimal Classification Не е повреден само за читалня ползва се в читалня 676173 Регионална библиотека "Любен Каравелов" Русе Регионална библиотека "Любен Каравелов" Русе Хранилище 1968-01-01 Основен фонд - ползва се само за читалня 3.83 47033 Цб М ІІ 4860 900000007990 1 1.96 Дублиран баркод. Не отчислявай! Нотни издания
  Не е изгубен Universal Decimal Classification Не е повреден без рестрикции заемане за дома 676174 Регионална библиотека "Любен Каравелов" Русе Регионална библиотека "Любен Каравелов" Русе Отдел Изкуство - подръчен фонд 1968-01-01 Отдел Изкуство - подръчен фонд 3.83 47034 784/Л 76 Т 120000047034 2 1.96 Дост: Pk Вид: Ф N: сф Дата: 01.01.1968 Бележки инв: Ирена_Линк Съставил: Ирена_Линкова Нотни издания
Vip Innovations Ltd, Rousse, Bulgaria 2025